| 000 | 00542nam a2200193 a 4500 | ||
|---|---|---|---|
| 001 | 9887 | ||
| 003 | CO-ViMGA | ||
| 008 | 141112s2004 ck r 000 u spa d | ||
| 040 |
_aCO-ViMGA _bspa _cCO-ViMGA |
||
| 082 | 0 | 4 | _a347.07 R412 |
| 100 | 1 |
_aRengifo ; Ramiro, _911871 |
|
| 245 | 1 | 0 | _aLos procesos concursales en la forma al código de Comercio |
| 260 |
_aMedellín : _bAgora, _c1996 |
||
| 300 | _a176p. | ||
| 650 | 1 | 4 |
_aCONCORDATOS _95443 |
| 650 | 1 | 4 |
_aLIQUIDACION OBLIGATORIA _911872 |
| 650 | 1 | 4 |
_aTRAMITE DE JUEZ _911873 |
| 942 |
_2ddc _cBK |
||
| 999 |
_c21266 _d21266 |
||